| 000 | 00477nam a22001457a 4500 | ||
|---|---|---|---|
| 003 | OSt | ||
| 008 | 250503b |||||||| |||| 00| 0 eng d | ||
| 082 |
_a338.1 _bM66V |
||
| 100 | _aMishra, G. P | ||
| 245 | _aVillage Industries and Agriculture in Changing Agrarian Situation | ||
| 260 |
_aNew Delhi : _bAshish Publishing House; _c1985. |
||
| 300 | _a120 P. | ||
| 650 | _aEconomics | Social sciences | Agriculture | Cottage industries | India | Social aspects | ||
| 942 |
_2ddc _cBK |
||
| 999 |
_c47942 _d47942 |
||